000
00204nam a22000857a 4500
082
_a
808.882 OXF
245
_a
the oxford dictionary of quotations
260
_a
new york
_b
oxford university press
942
_c
BK
999
_c
20630
_d
20630